000 00845nam a22002177a 4500
999 _c4190
_d4190
003 AR-CdUCM
008 190308b ||||| |||| 00| 0 spa d
020 _a84-505-4780-6
040 _aMUNICIPALIDAD PROVINCIAL DEL CUSCO
_cBIBLIOTECA MUNICIPAL DEL CUSCO
082 _a791.43 /
_bI59
245 _aEncuentro Iberoamericano de cine y video sobre ciencia y tecnología /
260 _aMadrid :
_bInstituto de cooperación Iberoamericano,
_c1986.
300 _a194 páginas ;
_c20 cm.
440 _aInstituto de cooperación Iberoamericana
_913279
505 _aContenido: Imágenes para la ciencia y la tecnología -- Argentina -- Bolivia -- Brasil -- Colombia -- Costa Rica -- Cuba -- Perú...
650 _aCiencia y tecnología
_98461
650 _aCine
_913177
650 _aComunicación
_94985
942 _2ddc
_cLIBROS
945 _adavv